000 00221nam a2200097Ia 4500
008 170619s9999 xx 000 0 und d
100 _aYourden- Edward
245 0 _aMODERN STRUCTURED ANALYSIS
260 _bP H I
260 _c2001
546 _aENGLISH
999 _c18899
_d18899